000 00413nam a22001697a 4500
005 20160514172109.0
008 160514b xxu||||| |||| 00| 0 eng d
020 _a978-0-07-015319-6
041 _aeng
082 _b2451
100 _aMargie Parikh
_9664
245 _aOrganizational Behaviour
260 _aNew Delhi
_bMc Graw Hill Companies,
_c2010
300 _a633
650 _aManagement
_9241
942 _cBK
999 _c880
_d880